=LDR 00000nam 2200000 4500 =001 INLIS000000000028803 =005 20130612131101 =008 ***********************************Ind** =035 ##$$0010-061300000028803 =041 ##$$a Ind =082 ##$$a 574.07 =090 ##$$a 574.07, Rah c =100 ##$$a Raharja, Panca =245 ##$$a Cara aktif dalam belajar Biologi untuk SLTP catur wulan I sesuai kurikulum 1994 suplemen GBPP kelas 1 =260 ##$$a 1999 $b Jakarta =300 ##$$a 40 hlm, ilus, 33 cm =650 ##$$a Cara Belajar Aktif =850 ##$$a NBPNMAT